000 00742nam a22002417a 4500
003 OSt
005 20240627033716.0
008 240627b |||||||| |||| 00| 0 eng d
020 _a9789712396427
040 _aDWC- Main Lib
_cOC
082 _aFil. 658.8 L791p 2019
100 _aLlano, A. B
245 _aPrinciples of marketing /
_c A. B Llano.
250 _aSecond edition.
260 _aSampaloc, Manila, Philippines :
_bRex Bookstore Inc.,
_cc2019.
300 _axviii, 336 pages :
_billustrations ;
_c26cm.
504 _aIncludes bibliographical references and index.
650 _21. Marketing
650 _22. Advertising
650 _23. Consumer behavior
650 _24. Marketing– Management
942 _2ddc
_cBK - FIL
_n1
999 _c1473
_d1473